[Event "CZE-chTW U20 1213"]
[Site "Czech Republic"]
[Date "2012.12.08"]
[Round "5.6"]
[White "Bocek, Lukas"]
[Black "Chaloupka, Zdenek"]
[Result "0-1"]
[WhiteElo "1642"]
[BlackElo "1279"]
[PlyCount "126"]
[EventDate "2012.10.06"]
[EventType "team-tourn"]
[EventRounds "11"]
[EventCountry "CZE"]
[SourceTitle "EXT 2015"]
[Source "ChessBase"]
[SourceDate "2014.11.20"]
[SourceVersion "1"]
[SourceVersionDate "2014.11.20"]
[SourceQuality "1"]
[WhiteTeam "Ricany (U20)"]
[BlackTeam "Klatovy (U20)"]
[WhiteTeamCountry "CZE"]
[BlackTeamCountry "CZE"]

1. e4 d5 2. exd5 Nf6 3. d4 Nxd5 4. c4 Nb4 5. Qa4+ N8c6 6. d5 b5 7. Qd1 Ne5 8. Nc3 Bf5 9. Bf4 Nc2+ 10. Kd2 Nxa1 11. Bxe5 Nc2 12. Nxb5 c6 13. Nc7+ Kd7 14. Nxa8 Qxa8 15. Kc1 Ke8 16. Nf3 cxd5 17. Qxd5 Qxd5 18. cxd5 f6 19. Bc3 Kf7 20. Nh4 Be4 21. f3 Bxd5 22. Kxc2 e6 23. f4 Bd6 24. Nf3 Bxf4 25. Bd3 h6 26. h3 Rc8 27. Rf1 Bd6 28. Nh4 Bg3 29. Ng6 f5 30. Nf4 Ba8 31. Nh5 Be5 32. Bxf5 exf5 33. Rxf5+ Bf6 34. Nxf6 gxf6 35. Rxf6+ Ke7 36. Rg6 Be4+ 37. Kd2 Bxg6 38. Ke3 Ke6 39. Bg7 h5 40. Kf4 Kf7 41. Bc3 Ra8 42. g4 Rb8 43. g5 Ke6 44. h4 Rb5 45. a4 Rd5 46. b4 a6 47. a5 Kd6 48. Be1 Re5 49. Bd2 Rd5 50. Be1 Kc6 51. Bc3 Kb5 52. Be1 Kc4 53. Ke3 Re5+ 54. Kf2 Rxe1 55. Kxe1 Kxb4 56. Kd2 Kxa5 57. Ke3 Kb4 58. Kf4 a5 59. Ke5 a4 60. Kf6 Bd3 61. g6 a3 62. Kg5 a2 63. g7 a1Q 0-1